书目信息 |
| 题名: |
家庭布线
|
|
| 作者: | 米勒 , 米勒 , 贝克 著 ;胡玉玲 , 史晓霞 , 庄俊华 译 | |
| 分册: | ||
| 出版信息: | 北京 中国电力出版社 2007.07 |
|
| 页数: | 237页 | |
| 开本: | 26cm | |
| 丛书名: | 米勒指导丛书 | |
| 单 册: | ||
| 中图分类: | TU855 | |
| 科图分类: | ||
| 主题词: | 住宅--zhu zhai--布线--基本知识 | |
| 电子资源: | ||
| ISBN: | 978-7-5083-5603-7 | |
| 000 | 01478nam 2200361 450 | |
| 001 | 012008811818 | |
| 005 | 20080508150142.01 | |
| 010 | @a978-7-5083-5603-7@dCNY28.00 | |
| 100 | @a20080506d2007 em y0chiy0120 ea | |
| 101 | 1 | @achi@ceng |
| 102 | @aCN@b110000 | |
| 105 | @aak z 000yy | |
| 106 | @ar | |
| 200 | 1 | @a家庭布线@Ajia ting bu xian@f(美) Mark R. Miller, Rex Miller, Glenn E. Baker著@F(mei)Mark R.Miller,Rex Miller,Glenn E.Baker zhu@g胡玉玲, 史晓霞, 庄俊华译@Ghu yu ling,shi xiao xia,zhuang jun hua yi |
| 210 | @a北京@c中国电力出版社@d2007.07 | |
| 215 | @a237页@c图@d26cm | |
| 225 | 2 | @a米勒指导丛书@Ami le zhi dao cong shu |
| 306 | @a与美国麦格劳-希尔教育(亚洲)出版公司合作出版 | |
| 312 | @a英文并列题名取自版权页 | |
| 314 | @a责任者规范汉译姓为:米勒, 贝克 | |
| 330 | @a本书介绍了电力及电路、电力生产、电力分配、电力安全、电力码布线的需求、计划、布线的设备和工具、房屋设备和电路、Romex安装、各种电路的布线、重新布线工作、家庭用电设备等方面的布线知识。 | |
| 410 | 0 | @12001 @a米勒指导丛书 |
| 500 | 10 | @aMiller's guide to home wiring@mChinese |
| 606 | 0 | @a住宅@Azhu zhai@x布线@x基本知识 |
| 690 | @aTU855@v4 | |
| 701 | 1 | @a米勒@Ami le@g(Miller, Mark R.)@4著 |
| 701 | 1 | @a米勒@Ami le@g(Miller, Rex)@4著 |
| 701 | 1 | @a贝克@Abei ke@g(Baker, Glenn E.)@4著 |
| 702 | 0 | @a胡玉玲@Ahu yu ling@4译 |
| 702 | 0 | @a史晓霞@Ashi xiao xia@4译 |
| 702 | 0 | @a庄俊华@Azhuang jun hua@4译 |
| 801 | 0 | @aCN@bQSSK@c20080508 |
| 905 | @b705541-43@dTU855@eM656@f3 | |
| 家庭布线/(美) Mark R. Miller, Rex Miller, Glenn E. Baker著/胡玉玲, 史晓霞, 庄俊华译.-北京:中国电力出版社,2007.07 |
| 237页:图;26cm.-(米勒指导丛书) |
| ISBN 978-7-5083-5603-7:CNY28.00 |
| 本书介绍了电力及电路、电力生产、电力分配、电力安全、电力码布线的需求、计划、布线的设备和工具、房屋设备和电路、Romex安装、各种电路的布线、重新布线工作、家庭用电设备等方面的布线知识。 |
| ● |
| 相关链接 |
|
|
|
正题名:家庭布线
索取号:TU855/M656
 
预约/预借
| 序号 | 登录号 | 条形码 | 馆藏地/架位号 | 状态 | 备注 |
| 1 | 705541 | 207055416 | 建筑库201/201建筑库 55排1列5层/ [索取号:TU855/M656] | 在馆 | |
| 2 | 705542 | 207055425 | 建筑库201/201建筑库 55排1列5层/ [索取号:TU855/M656] | 在馆 | |
| 3 | 705543 | 207055434 | 建筑库201/201建筑库 55排1列5层/ [索取号:TU855/M656] | 在馆 |